000
00328nam a2200145Ia 4500
008
150201s2006 xx 000 0 und d
082
_a
614
_b
C2006S
100
_a
SRIDHAR,RAO
245
_a
COMMUNITY HEALTH NURSING
250
_a
1ST
260
_b
AITBS
_a
DELHI
_c
2006
300
_a
1-579
650
_a
NURSING
942
_2
ddc
_c
BK
999
_c
4071
_d
4071